000
00453nam a2200145Ia 4500
008
100122s9999 xx 000 0 und d
082
_b
30520
_a
823
100
_a
कवठेकर दत्त र
245
_a
वाट पाहता लोचन
260
_b
पं.अ.कुलकर्णी
_c
1980
300
_a
578
630
_a
वाट पाहता लोचन
730
_a
वाट पाहता लोचन
942
_c
BOOK
999
_c
415351
_d
415348